ਮਾਨਸ ਕੀ ਜਾਤ : (Record no. 109987)
[ view plain ]
| 000 -LEADER | |
|---|---|
| fixed length control field | 00951nam a22002537a 4500 |
| 005 - DATE AND TIME OF LATEST TRANSACTION | |
| control field | 20170123164146.0 |
| 010 ## - LIBRARY OF CONGRESS CONTROL NUMBER | |
| LC control number | B-028797 |
| 020 ## - INTERNATIONAL STANDARD BOOK NUMBER | |
| Terms of availability | 65.00 |
| 035 ## - SYSTEM CONTROL NUMBER | |
| System control number | B-028797 |
| 037 ## - SOURCE OF ACQUISITION | |
| Source of stock number/acquisition | Cen Lib / Ret |
| 040 ## - CATALOGING SOURCE | |
| Original cataloging agency | DPL |
| Language of cataloging | PN |
| 082 ## - DEWEY DECIMAL CLASSIFICATION NUMBER | |
| Classification number | ਉ |
| Item number | ਸੈਨੀਅ |
| 100 ## - MAIN ENTRY--PERSONAL NAME | |
| Personal name | ਸੈਨੀ, ਅਜੀਤ |
| 9 (RLIN) | 121832 |
| 245 ## - TITLE STATEMENT | |
| Title | ਮਾਨਸ ਕੀ ਜਾਤ : |
| Statement of responsibility, etc | ਅਜੀਤ ਸੈਨੀ |
| Remainder of title | ਨਾਵਲ / |
| 246 ## - VARYING FORM OF TITLE | |
| Title proper/short title | Manas ki jaat : novel / |
| Remainder of title | by Ajit Saini |
| 260 ## - PUBLICATION, DISTRIBUTION, ETC. (IMPRINT) | |
| Place of publication, distribution, etc | ਅੰਮ੍ਰਿਤਸਰ |
| Name of publisher, distributor, etc | ਲੇਕ ਸਾਹਿਤ ਪ੍ਰਕਾਸ਼ਨ |
| Date of publication, distribution, etc | 2000 |
| 270 ## - ADDRESS | |
| Address | ਲੇਕ ਸਾਹਿਤ ਪ੍ਰਕਾਸ਼ਨ |
| City | ਅੰਮ੍ਰਿਤਸਰ |
| 300 ## - PHYSICAL DESCRIPTION | |
| Extent | 112p. |
| Dimensions | 21cm(Hb) |
| 650 ## - SUBJECT ADDED ENTRY--TOPICAL TERM | |
| Topical term or geographic name as entry element | ਸਾਹਿਤ -- ਪੰਜਾਬੀ |
| 9 (RLIN) | 121833 |
| 650 ## - SUBJECT ADDED ENTRY--TOPICAL TERM | |
| Topical term or geographic name as entry element | ਪੰਜਾਬੀ -- ਨਾਵਲ |
| 9 (RLIN) | 121834 |
| 650 ## - SUBJECT ADDED ENTRY--TOPICAL TERM | |
| Topical term or geographic name as entry element | Literature -- Punjabi |
| 9 (RLIN) | 114104 |
| 650 ## - SUBJECT ADDED ENTRY--TOPICAL TERM | |
| Topical term or geographic name as entry element | Punjabi Literature-Novel |
| 9 (RLIN) | 1580 |
| 942 ## - ADDED ENTRY ELEMENTS (KOHA) | |
| Source of classification or shelving scheme | Dewey Decimal Classification |
| Koha item type | Punjabi Bks |
| Classification part | ਉ |
| Call number suffix | ਸੈਨੀਅ |
| Withdrawn status | Lost status | Damaged status | Not for loan | Home library | Current library | Date acquired | Source of acquisition | Cost, normal purchase price | Total Checkouts | Full call number | Barcode | Date last seen | Copy number | Cost, replacement price | Price effective from | Koha item type |
|---|---|---|---|---|---|---|---|---|---|---|---|---|---|---|---|---|
| Central Library | Central Library | 12/01/2016 | Cen Lib/Ret | 65.00 | ਉ ਸੈਨੀਅ | B-028797 | 12/01/2016 | 1 | 65.00 | 12/01/2016 | Punjabi Bks |
